000 00461nam a2200169Ia 4500
999 _c20740
_d20740
003 OSt
005 20210121122812.0
008 190216s9999||||xx |||||||||||||| ||und||
040 _coclc
082 _a370.15
_bRAI/E
100 _aRai, B C
_92618
245 0 _aEducational Psychology /
_cB C Rai
260 _bPrakasan Kendra,
_c2000.
_aLucknow:
300 _a192p
650 _aHistory
942 _cBK
_2ddc
_h370.15
_iRAI/E
_k370.15
_mRAI/E